Módulo de intervención en crisis: violencia sexual /
Guardado en:
| Hovedforfatter: | |
|---|---|
| Andre forfattere: | |
| Format: | Texto |
| Udgivet: |
San José:
UCR. FCS. EPS
|
| Fag: | |
| Tags: |
Tilføj Tag
Ingen Tags, Vær først til at tagge denne postø!
|
MARC
| LEADER | 00000 a a2200000 04500 | ||
|---|---|---|---|
| 001 | 33141 | ||
| 003 | |||
| 040 | |||
| 090 | |a 206506 | ||
| 100 | |a Claramunt M., Cecilia | ||
| 245 | |a Módulo de intervención en crisis: violencia sexual / |c Cecilia Claramunt M. | ||
| 260 | |a San José: |b UCR. FCS. EPS | ||
| 300 | |a 151 p. | ||
| 650 | |a INFANCIA | ||
| 650 | |a INCESTO | ||
| 650 | |a ACTITUDES | ||
| 650 | |a CULTURA TRADICIONAL | ||
| 650 | |a MACHISMO | ||
| 700 | |a comp. | ||
| 999 | |c 13407 |d 13407 | ||
